[Event "American Cont Blitz 2025"]
[Site "Foz do Iguacu BRA"]
[Date "2025.05.30"]
[Round "5.12"]
[White "Molina Sumoza, Jesus Alberto"]
[Black "Lima, Stefan Moisei VIeira"]
[Result "1/2-1/2"]
[WhiteTitle "CM"]
[BlackTitle "FM"]
[WhiteElo "2025"]
[BlackElo "2241"]
[WhiteFideId "3901874"]
[BlackFideId "22782273"]
[EventDate "2025.05.30"]

1. e4 e6 2. d4 d5 3. Nc3 Nf6 4. Bg5 Bb4 5. e5 h6 6. Bd2 Bxc3 7. bxc3 Ne4 8. Bc1
c5 9. Ne2 Nc6 10. f3 Ng5 11. h4 Nh7 12. f4 Nf8 13. h5 Nd7 14. Be3 Qa5 15. Qd2 b6
16. g4 Ba6 17. f5 O-O-O 18. Nf4 Ndxe5 19. Bxa6+ Qxa6 20. dxe5 Nxe5 21. Qe2 Qxe2+
22. Kxe2 exf5 23. gxf5 Rhe8 24. Rh3 d4 25. cxd4 cxd4 26. Bd2 Nc4+ 27. Kd1 Re5
28. Nd3 Rxf5 29. Bf4 Rdd5 30. Rb1 Rxh5 31. Rxh5 Rxh5 32. Rb4 b5 33. a4 a6 34.
axb5 axb5 35. Ke2 Rd5 36. Kf3 f5 37. Rb1 g5 38. Bc1 Ne5+ 39. Nxe5 Rxe5 40. Bd2
Rc5 41. Rb2 Kd7 42. Ke2 Ke6 43. Kd3 Rd5 44. Rb1 f4 45. Rh1 Kf5 46. Rxh6 Rd8 47.
Rh7 Kg4 48. Rg7 Rd5 49. Ke4 Rc5 50. Bxf4 Rxc2 51. Rxg5+ Kh4 52. Rxb5 Re2+ 53.
Kf3 Re6 54. Rb7 Kh5 55. Rd7 Kg6 56. Rxd4 Kf5 57. Rd5+ Kf6 58. Kg4 Ra6 59. Rb5
Kg6 60. Rd5 Rc6 61. Rd6+ Rxd6 62. Bxd6 1/2-1/2

[Event "American Cont Blitz 2025"]
[Site "Foz do Iguacu BRA"]
[Date "2025.05.30"]
[Round "5.13"]
[White "Giron Chavez, David Emanuel"]
[Black "Caetano, Hugo Zanotti Mendonca"]
[Result "1/2-1/2"]
[WhiteTitle "FM"]
[WhiteElo "2108"]
[BlackElo "2144"]
[WhiteFideId "7300697"]
[BlackFideId "2119420"]
[EventDate "2025.05.30"]

1. e4 c5 2. Nf3 Nc6 3. d4 cxd4 4. Nxd4 g6 5. c4 Bg7 6. Be3 Nh6 7. Be2 f5 8. Nc3
O-O 9. exf5 Nxd4 10. Bxd4 Nxf5 11. Bxg7 Kxg7 12. O-O d6 13. Bf3 e5 14. g3 Nd4
15. Bg2 Be6 16. Nb5 Nxb5 17. cxb5 Bc4 18. Re1 Bxb5 19. Bxb7 Rb8 20. Bd5 Qf6 21.
Qd2 Bd7 22. Bg2 Bg4 23. b4 Rb6 24. a4 Bf3 25. Bxf3 Qxf3 26. Re3 Qf6 27. b5 d5
28. Rc1 d4 29. Rc7+ Rf7 30. Rxf7+ Kxf7 31. Re1 Kg7 32. Rf1 Re6 33. a5 e4 34. Re1
Qe5 35. Rb1 e3 36. fxe3 dxe3 37. Qe2 Rd6 38. b6 axb6 39. axb6 Qe4 40. Rd1 Rxb6
41. Rd7+ Kh6 42. Rd3 Rb1+ 43. Rd1 Rb3 44. Rf1 Rd3 45. Rf3 Qd4 46. Rf4 Qd5 47.
Rf1 g5 48. h4 Rd2 49. hxg5+ Kg6 50. Qf3 Qxf3 51. Rxf3 e2 52. Re3 Rd1+ 53. Kf2
Rf1+ 54. Kxe2 Rf5 55. Rf3 Rxg5 56. Kf2 1/2-1/2

[Event "American Cont Blitz 2025"]
[Site "Foz do Iguacu BRA"]
[Date "2025.05.30"]
[Round "5.14"]
[White "Rodrigues, Edgar"]
[Black "Reyes Zavaleta, Cristhian Yamil"]
[Result "0-1"]
[WhiteTitle "FM"]
[WhiteElo "2245"]
[BlackElo "2073"]
[WhiteFideId "2107090"]
[BlackFideId "3844340"]
[EventDate "2025.05.30"]

1. e4 e6 2. d4 d5 3. Nc3 Nf6 4. Bg5 Bb4 5. e5 h6 6. Bd2 Bxc3 7. bxc3 Ne4 8. Qg4
Kf8 9. h4 c5 10. Bd3 Nxd2 11. Kxd2 Nc6 12. Nf3 Qa5 13. dxc5 d4 14. Nxd4 Nxe5 15.
Qf4 Qxc5 16. Nb3 Qd5 17. Rae1 Nxd3 18. cxd3 Bd7 19. Qb4+ Kg8 20. Re4 Bc6 21. f3
a5 22. Qd4 a4 23. Nc1 Qb5 24. Qb4 Qd5 25. Rhe1 a3 26. Re5 Qd8 27. h5 Ra4 28. Qb3
Qh4 29. Ne2 Ra8 30. Qb6 Kh7 31. Qe3 Rhd8 32. Nd4 Bd5 33. c4 Bc6 34. Nxc6 bxc6
35. Kc3 Rab8 36. f4 Qe7 37. Kd2 Rb2+ 38. Kd1 Qb4 39. Qc1 Rxd3+ 0-1

[Event "American Cont Blitz 2025"]
[Site "Foz do Iguacu BRA"]
[Date "2025.05.30"]
[Round "6.1"]
[White "Martinez Alcantara, Jose Eduardo"]
[Black "Fier, Alexandr"]
[Result "1-0"]
[WhiteTitle "GM"]
[BlackTitle "GM"]
[WhiteElo "2611"]
[BlackElo "2556"]
[WhiteFideId "3805662"]
[BlackFideId "2107139"]
[EventDate "2025.05.30"]

1. e4 c5 2. Nf3 Nc6 3. c3 Nf6 4. Bd3 d5 5. e5 Nd7 6. Bb5 e6 7. d4 Qb6 8. Ba4
cxd4 9. cxd4 f6 10. exf6 Nxf6 11. O-O Bd6 12. Nc3 O-O 13. Re1 Bd7 14. Bc2 Rae8
15. Be3 Qxb2 16. Na4 Qb5 17. Rb1 Qa5 18. Rxb7 Nb4 19. Nc5 Bc6 20. Rxb4 Qxb4 21.
Nd3 Qb8 22. Nde5 Rc8 23. Bb1 Ne4 24. Bd3 Be8 25. h3 Bb5 26. Bc2 Qc7 27. Bd3 Bxd3
28. Nxd3 Qc2 29. a4 Qxd1 30. Rxd1 Rc4 31. a5 Rb8 32. Bf4 Bxf4 33. Nxf4 Nc3 34.
Rd3 Re8 35. Nd2 Rcc8 36. Nb3 Ne4 37. f3 Nd6 38. g4 Nc4 39. Kf2 Rf8 40. Nxe6 Rfe8
41. Nf4 Rcd8 42. h4 Rd6 43. h5 Rf8 44. Kg3 g5 45. hxg6 hxg6 46. Ne2 Re6 47. Nc3
Ne3 48. Nd2 g5 49. Na4 Nc4 50. Nxc4 dxc4 51. Rc3 Re2 52. Nc5 Rf4 53. Ne4 Ra2 54.
Rxc4 Rf8 55. Rc5 Kf7 56. Nxg5+ Ke7 57. Re5+ Kd6 58. Ne4+ Kd7 59. Rd5+ Kc6 60.
Rc5+ Kd7 61. Re5 Ra3 62. Ng5 Rd3 63. Kf2 Rb8 64. Ne6 Kd6 65. Re4 Rbb3 66. Ng5
Kd5 67. Rf4 Rxd4 68. Rf5+ Kc6 69. Ne4 Ra4 70. g5 Rb8 71. Rf6+ Kc7 72. Nc5 Ra2+
73. Kg3 Rb5 74. Ne6+ Kd7 75. f4 Raxa5 76. Kg4 Ke7 77. Nd4 Rxg5+ 78. fxg5 Ra4 79.
Rf4 a5 80. Nc6+ 1-0

[Event "American Cont Blitz 2025"]
[Site "Foz do Iguacu BRA"]
[Date "2025.05.30"]
[Round "6.2"]
[White "Avila Pavas, Santiago"]
[Black "Tristan, Leonardo"]
[Result "1-0"]
[WhiteTitle "GM"]
[BlackTitle "GM"]
[WhiteElo "2469"]
[BlackElo "2536"]
[WhiteFideId "4437128"]
[BlackFideId "113816"]
[EventDate "2025.05.30"]

1. d4 d5 2. Bf4 Nf6 3. e3 Bf5 4. c4 e6 5. Nc3 Bb4 6. Nf3 c5 7. a3 Bxc3+ 8. bxc3
Qa5 9. Qb3 Nbd7 10. Be2 cxd4 11. exd4 dxc4 12. Bxc4 O-O 13. O-O Rac8 14. Rfc1
Be4 15. Be2 Qf5 16. Bg3 b6 17. c4 Ba8 18. Rd1 Rfd8 19. Rac1 Ne4 20. Qa4 Nxg3 21.
hxg3 a5 22. c5 bxc5 23. Qxa5 cxd4 24. Qxf5 exf5 25. Rxc8 Rxc8 26. Nxd4 Ne5 27.
Nxf5 Re8 28. Bb5 Rb8 29. a4 Be4 30. Re1 Bxf5 31. Rxe5 Be6 32. a5 Kf8 33. a6 Ra8
34. Rc5 Ke7 35. Rc7+ Kd6 36. Rb7 Kc5 37. Bf1 Bd5 38. Rd7 Kc6 39. Re7 Kd6 40. Re1
g5 41. Rd1 Kc5 42. Rc1+ Kb6 43. Rb1+ Kc5 44. Be2 f5 45. Rb5+ Kd4 46. Rxd5+ 1-0

[Event "American Cont Blitz 2025"]
[Site "Foz do Iguacu BRA"]
[Date "2025.05.30"]
[Round "6.3"]
[White "Quesada Perez, Luis Ernesto"]
[Black "Lima, Darcy"]
[Result "0-1"]
[WhiteTitle "GM"]
[BlackTitle "GM"]
[WhiteElo "2546"]
[BlackElo "2380"]
[WhiteFideId "3520773"]
[BlackFideId "2100045"]
[EventDate "2025.05.30"]

1. b3 e5 2. Bb2 Nc6 3. e3 Nf6 4. Bb5 Bd6 5. Na3 Na5 6. Be2 a6 7. c4 O-O 8. Nc2
Nc6 9. Nf3 Re8 10. d4 exd4 11. Nfxd4 Nxd4 12. Bxd4 Be5 13. Bxe5 Rxe5 14. O-O d6
15. Bf3 Rb8 16. Nb4 Bf5 17. Nd5 Be4 18. Bxe4 Nxe4 19. Qd4 b5 20. Rac1 c6 21. Nf4
b4 22. Ne2 Re6 23. f3 Nc5 24. e4 Qg5 25. Ng3 g6 26. Rc2 Rbe8 27. Qd2 Qxd2 28.
Rxd2 Kf8 29. Ne2 Rc8 30. Rfd1 Ke7 31. Nd4 Rf6 32. a3 bxa3 33. Ra1 d5 34. cxd5
cxd5 35. e5 Rb6 36. Rxa3 f6 37. e6 0-1

[Event "American Cont Blitz 2025"]
[Site "Foz do Iguacu BRA"]
[Date "2025.05.30"]
[Round "6.4"]
[White "Salinas Herrera, Pablo"]
[Black "Liascovich, Lucas"]
[Result "1-0"]
[WhiteTitle "GM"]
[BlackTitle "IM"]
[WhiteElo "2447"]
[BlackElo "2417"]
[WhiteFideId "3407128"]
[BlackFideId "108634"]
[EventDate "2025.05.30"]

1. d4 d5 2. Bf4 Nc6 3. e3 Bf5 4. Bb5 e6 5. Nf3 Bd6 6. O-O Ne7 7. c3 O-O 8. Bxd6
cxd6 9. Nbd2 Qb6 10. Qb3 a6 11. Be2 Qc7 12. Rfc1 Rac8 13. Qa3 Rfd8 14. b3 Qa5
15. Qb2 h6 16. h3 e5 17. a3 Qb6 18. Qa2 Qa7 19. Nf1 b5 20. Ng3 Bg6 21. Qd2 Qc7
22. a4 Na5 23. Bd1 f6 24. axb5 axb5 25. c4 Nxb3 26. Bxb3 dxc4 27. Bc2 c3 28. Qd1
b4 29. Bb3+ Kh8 30. Nh4 Bh7 31. Qf3 d5 32. Nh5 Qd6 33. Ra7 Ra8 34. Rca1 Rxa7 35.
Rxa7 Rc8 36. Qg4 Rg8 37. Rd7 f5 38. Qxg7+ Rxg7 39. Rxd6 f4 40. Nxg7 Kxg7 41. Rd7
Kf8 42. dxe5 Ke8 43. Rc7 Kd8 44. Rb7 Nc6 45. Rxh7 1-0

[Event "American Cont Blitz 2025"]
[Site "Foz do Iguacu BRA"]
[Date "2025.05.30"]
[Round "6.5"]
[White "Mayta Aiza, Maveric"]
[Black "Ynojosa Aponte, Felix Jose"]
[Result "0-1"]
[WhiteTitle "CM"]
[BlackTitle "IM"]
[WhiteElo "2184"]
[BlackElo "2392"]
[WhiteFideId "3307336"]
[BlackFideId "3900258"]
[EventDate "2025.05.30"]

1. e4 c5 2. Nc3 a6 3. a4 e6 4. g3 d5 5. exd5 exd5 6. Bg2 Nf6 7. d3 Be7 8. Nge2
d4 9. Ne4 Nxe4 10. Bxe4 Nc6 11. O-O f5 12. Bg2 Be6 13. Nf4 Bf7 14. Re1 Qd7 15.
c4 dxc3 16. bxc3 O-O 17. Bb2 Bf6 18. Qc2 Rad8 19. Rad1 Na5 20. c4 Bxb2 21. Qxb2
Nc6 22. Bd5 Nd4 23. Kg2 b5 24. axb5 axb5 25. Re5 Bxd5+ 26. Nxd5 Qb7 27. Rde1 b4
28. f3 Kh8 29. R1e3 b3 30. Nf4 Ra8 31. Re7 Qc6 32. Qb1 Ra2+ 33. Kh1 Nxf3 34. Nd5
Rxh2# 0-1

[Event "American Cont Blitz 2025"]
[Site "Foz do Iguacu BRA"]
[Date "2025.05.30"]
[Round "6.6"]
[White "Rojas Salas, Steven"]
[Black "Carcamo, Matias"]
[Result "1-0"]
[WhiteTitle "IM"]
[WhiteElo "2343"]
[BlackElo "2077"]
[WhiteFideId "3819434"]
[BlackFideId "115541"]
[EventDate "2025.05.30"]

1. e4 c6 2. d4 d5 3. f3 e6 4. Nc3 b6 5. Bd3 Bb7 6. Nge2 Nd7 7. O-O Bd6 8. exd5
exd5 9. Bf4 Qf6 10. Qd2 Ne7 11. Bg5 Qe6 12. Rae1 f6 13. Ng3 Qf7 14. Nf5 Bb4 15.
a3 O-O 16. axb4 Nxf5 17. Bxf5 fxg5 18. Be6 1-0

[Event "American Cont Blitz 2025"]
[Site "Foz do Iguacu BRA"]
[Date "2025.05.30"]
[Round "6.7"]
[White "Perez Gormaz, Matias"]
[Black "Campos Gomez, Manuel"]
[Result "0-1"]
[WhiteTitle "IM"]
[BlackTitle "IM"]
[WhiteElo "2408"]
[BlackElo "2355"]
[WhiteFideId "3406342"]
[BlackFideId "4444710"]
[EventDate "2025.05.30"]

1. e4 Nf6 2. e5 Nd5 3. d4 d6 4. c4 Nb6 5. exd6 cxd6 6. d5 e5 7. dxe6 Bxe6 8. Nf3
Nc6 9. Nd4 Nxd4 10. Qxd4 Be7 11. Qxg7 Bf6 12. Qg3 Nxc4 13. Nc3 Qe7 14. Bxc4
Bxc4+ 15. Qe3 O-O 16. Qxe7 Bxe7 17. Bf4 Rfd8 18. O-O-O Rac8 19. Kb1 d5 20. Be5
Bc5 21. Bd4 b5 22. Bxc5 Rxc5 23. Rd4 b4 24. Nd1 a5 25. Ne3 Ba6 26. Rc1 Rb5 27.
Rc7 a4 28. b3 a3 29. Nc2 Rdb8 30. Ra7 Bc8 31. Ne3 Be6 32. f4 Rc5 33. Ra4 Rbc8
34. Rd1 d4 35. Nc4 Bxc4 36. bxc4 Rxc4 37. Ra5 Rd8 38. Rg5+ Kf8 39. Rh5 d3 40.
Rxh7 Ke7 41. Rh5 d2 42. Re5+ Kf6 43. Re2 Rcd4 44. g3 Kf5 45. Kc2 Rc8+ 46. Kb1
Rcd8 47. Kc2 Rc8+ 48. Kb1 b3 49. axb3 Rc3 50. Rexd2 Rxb3+ 51. Ka2 Rdb4 52. Rd3
Rb2+ 53. Kxa3 Rb8 54. R1d2 Rb1 55. Ka2 R1b4 56. h3 Ke4 57. Ra3 Rb1 58. Re2+ Kd4
59. Rd2+ Ke4 60. Re2+ Kd4 61. g4 Rh1 62. f5 Rbb1 63. Rd2+ Ke4 64. Re2+ Kf4 65.
Rf2+ Kg5 66. Rb2 Ra1+ 67. Kb3 Rxh3+ 0-1

[Event "American Cont Blitz 2025"]
[Site "Foz do Iguacu BRA"]
[Date "2025.05.30"]
[Round "6.8"]
[White "Sanhueza, Cristian"]
[Black "Reyes Zavaleta, Fabian Ricardo"]
[Result "1/2-1/2"]
[WhiteTitle "FM"]
[BlackTitle "FM"]
[WhiteElo "2182"]
[BlackElo "2299"]
[WhiteFideId "116815"]
[BlackFideId "3844153"]
[EventDate "2025.05.30"]

1. e4 c5 2. Nf3 d6 3. d4 cxd4 4. Nxd4 Nf6 5. Nc3 a6 6. Be3 e6 7. Be2 Be7 8. O-O
O-O 9. a4 Nc6 10. f4 Qc7 11. Kh1 Nxd4 12. Qxd4 e5 13. Qd3 exf4 14. Bxf4 Be6 15.
Rad1 Rad8 16. Qg3 Kh8 17. e5 dxe5 18. Bxe5 Qc8 19. Bd3 Bc4 20. Bf5 Rxd1 21. Nxd1
Qc5 22. Re1 Be6 23. Bd3 Bc4 24. Bf5 Be6 25. Bxe6 fxe6 26. c3 Qa5 27. b3 Qd5 28.
c4 Qc5 29. h3 Rd8 30. Nc3 Qc6 31. Ne4 Rf8 32. Ng5 Nh5 33. Qg4 Bxg5 34. Qxg5 Nf6
35. h4 Qd7 36. h5 h6 37. Qg6 Qf7 38. Rd1 Nxh5 39. Qxh6+ Kg8 40. Qg5 Qf5 41. Qxf5
Rxf5 42. Bb8 Nf4 43. Rd7 Ne2 44. g4 Rf3 45. Rxb7 Nd4 46. c5 Rc3 47. Bd6 Nxb3 48.
Rxg7+ Kxg7 49. Be5+ Kg6 50. Bxc3 Nxc5 51. Bd4 Nxa4 52. Kg2 e5 53. Bxe5 Nc5 54.
Kf3 Nd7 55. Bd4 Nf6 56. Bc3 a5 57. Bxa5 Nxg4 58. Kxg4 1/2-1/2

[Event "American Cont Blitz 2025"]
[Site "Foz do Iguacu BRA"]
[Date "2025.05.30"]
[Round "6.9"]
[White "Reyes Zavaleta, Cristhian Yamil"]
[Black "Garcia Pantoja, Roberto"]
[Result "0-1"]
[BlackTitle "GM"]
[WhiteElo "2073"]
[BlackElo "2531"]
[WhiteFideId "3844340"]
[BlackFideId "3509265"]
[EventDate "2025.05.30"]

1. d4 Nf6 2. c4 e6 3. g3 d5 4. Nf3 Be7 5. Bg2 O-O 6. O-O dxc4 7. Ne5 Qd6 8. Nxc4
Qa6 9. Ne5 Rd8 10. e4 Nbd7 11. Nxd7 Bxd7 12. Nc3 c5 13. d5 exd5 14. e5 Ne8 15.
Nxd5 Qe6 16. Qb3 Bc6 17. Nxe7+ Qxe7 18. Bxc6 bxc6 19. Qc3 Nc7 20. Be3 Rd5 21. f4
Rad8 22. Rac1 Ne6 23. b4 cxb4 24. Qxc6 Nd4 25. Qa6 h5 26. Kg2 Qd7 27. Rfd1 Nf5 0-1

[Event "American Cont Blitz 2025"]
[Site "Foz do Iguacu BRA"]
[Date "2025.05.30"]
[Round "6.10"]
[White "Hungaski, Robert"]
[Black "Baules Rodriguez, Jorge Luis"]
[Result "0-1"]
[WhiteTitle "GM"]
[BlackTitle "IM"]
[WhiteElo "2477"]
[BlackElo "2257"]
[WhiteFideId "2021030"]
[BlackFideId "6600247"]
[EventDate "2025.05.30"]

1. c4 Nf6 2. Nc3 g6 3. e4 e5 4. g3 Bg7 5. Bg2 O-O 6. Nge2 c5 7. d3 Nc6 8. a3 d6
9. Rb1 a5 10. h3 Ne8 11. O-O Nc7 12. Nd5 Ne6 13. Bd2 Ned4 14. Nec3 f5 15. exf5
Bxf5 16. Ne4 b5 17. Bg5 Qb8 18. Ne7+ Kh8 19. Nxc6 Nxc6 20. cxb5 Nd4 21. a4 Ra7
22. b3 Qb6 23. Be3 Rd7 24. Nc3 Be6 25. Nd5 Qd8 26. h4 Rdf7 27. Bg5 Qd7 28. h5
Rf3 29. h6 Bxd5 30. hxg7+ Qxg7 31. Qd2 R8f5 32. Bh6 Qf7 33. Qxa5 Qe7 34. b6 Ne2+ 0-1

[Event "American Cont Blitz 2025"]
[Site "Foz do Iguacu BRA"]
[Date "2025.05.30"]
[Round "6.11"]
[White "Dauer, Andre Leonardo"]
[Black "Ticona Rocabado, Licael Roderick"]
[Result "0-1"]
[WhiteTitle "CM"]
[BlackTitle "IM"]
[WhiteElo "2138"]
[BlackElo "2359"]
[WhiteFideId "2126915"]
[BlackFideId "3319113"]
[EventDate "2025.05.30"]

1. e4 e6 2. b3 d5 3. Bb2 dxe4 4. Nc3 Nf6 5. Qe2 Be7 6. O-O-O Nbd7 7. Nxe4 Nxe4
8. Qxe4 Nf6 9. Qf3 a5 10. a4 O-O 11. g4 Qd5 12. Bg2 Qd6 13. h4 e5 14. Qe2 Bxg4
15. f3 Bf5 16. Bxe5 Qc6 17. d3 Rfe8 18. f4 Qb6 19. Qf3 c6 20. Bh3 Bg6 21. Bg4
Nxg4 22. Qxg4 h5 23. Qf3 Ba3+ 24. Kb1 f6 25. Qg3 fxe5 26. Qxg6 Qd4 27. c3 Qf2 0-1

[Event "American Cont Blitz 2025"]
[Site "Foz do Iguacu BRA"]
[Date "2025.05.30"]
[Round "6.12"]
[White "Muniz, Francisco Allysson da S."]
[Black "Giron Chavez, David Emanuel"]
[Result "1/2-1/2"]
[BlackTitle "FM"]
[WhiteElo "2197"]
[BlackElo "2108"]
[WhiteFideId "2184753"]
[BlackFideId "7300697"]
[EventDate "2025.05.30"]

1. d4 Nf6 2. c4 e6 3. Nc3 Bb4 4. Qc2 d5 5. e3 O-O 6. Bd2 Bxc3 7. Bxc3 Ne4 8. Bd3
Nxc3 9. Bxh7+ Kh8 10. bxc3 g6 11. Bxg6 fxg6 12. Qxg6 Qf6 13. Qh5+ Kg7 14. Nh3
Nc6 15. Nf4 Qf5 16. Qh4 Bd7 17. c5 Rh8 18. Qg3+ Kf7 19. Ne2 e5 20. f3 Rag8 21.
Qf2 Ke7 22. O-O-O e4 23. Nf4 Kd8 24. Qb2 Kc8 25. Qb3 Be6 26. Rd2 Na5 27. Qa4 Nc4
28. c6 Nxd2 29. cxb7+ 1/2-1/2

[Event "American Cont Blitz 2025"]
[Site "Foz do Iguacu BRA"]
[Date "2025.05.30"]
[Round "6.13"]
[White "Caetano, Hugo Zanotti Mendonca"]
[Black "Becker, Rogerio Sperb"]
[Result "0-1"]
[WhiteElo "2144"]
[BlackElo "2111"]
[WhiteFideId "2119420"]
[BlackFideId "22767797"]
[EventDate "2025.05.30"]

1. c4 Nf6 2. Nf3 c5 3. Nc3 g6 4. g3 Bg7 5. Bg2 O-O 6. O-O Nc6 7. d4 cxd4 8. Nxd4
Nxd4 9. Qxd4 Qa5 10. Qd3 d6 11. a3 Qh5 12. Nd5 Nxd5 13. cxd5 Bd7 14. Be3 a6 15.
Rac1 Bb5 16. Qd2 Qxe2 17. Qxe2 Bxe2 18. Rfe1 Bg4 19. h3 Bf5 20. Rc7 Bxb2 21. a4
b5 22. axb5 axb5 23. Rxe7 b4 24. Bf4 Rfd8 25. Rb7 Rab8 26. Rxb8 Rxb8 27. Bxd6
Bc3 28. Rc1 Rc8 29. g4 Bd7 30. Be4 b3 31. Ba3 b2 32. Rxc3 Rxc3 33. Bxb2 Rb3 34.
Bf6 Kf8 35. Kg2 Ke8 36. Bf3 Bb5 37. d6 Kd7 38. Be7 Bc6 39. Bxc6+ Kxc6 40. f3 Kd7
41. g5 Ke6 42. Kg3 Rd3 43. Kf4 Rd5 44. Kg3 Kf5 45. h4 Rd2 46. Bf8 f6 47. Be7
fxg5 48. hxg5 Rd3 49. Bf6 Rxd6 50. Be7 Rd3 51. Bf6 h5 52. Be7 Rd7 53. Bf6 Rf7
54. Bd8 Rd7 55. Bf6 Rb7 56. Bd8 Rb4 57. Be7 Rc4 58. Bd8 h4+ 59. Kg2 Kf4 60. Bf6
Rc2+ 61. Kh3 Kxf3 62. Be5 Rc4 63. Bd6 Rd4 64. Bc7 Rd1 65. Bh2 Rc1 66. Be5 Rh1+
67. Bh2 Kf2 68. Kg4 Rxh2 0-1

[Event "American Cont Blitz 2025"]
[Site "Foz do Iguacu BRA"]
[Date "2025.05.30"]
[Round "6.14"]
[White "Rodrigues, Edgar"]
[Black "Molina Sumoza, Jesus Alberto"]
[Result "1-0"]
[WhiteTitle "FM"]
[BlackTitle "CM"]
[WhiteElo "2245"]
[BlackElo "2025"]
[WhiteFideId "2107090"]
[BlackFideId "3901874"]
[EventDate "2025.05.30"]

1. e4 c5 2. Nf3 e6 3. d4 cxd4 4. Nxd4 a6 5. c4 Nf6 6. Nc3 Qc7 7. a3 Nxe4 8. Nxe4
Qe5 9. Bd3 Qxd4 10. Be3 Qe5 11. O-O Be7 12. f4 Qc7 13. Qh5 d6 14. Bd4 Bf8 15.
Qg5 Nd7 16. b4 e5 17. Bb2 f6 18. Qh5+ g6 19. Qh4 Bg7 20. f5 O-O 21. c5 d5 22.
Nd6 e4 23. Nxe4 dxe4 24. Bc4+ Kh8 25. fxg6 h6 26. Bc1 Qe5 27. Bxh6 Qd4+ 28. Be3+ 1-0

[Event "American Cont Blitz 2025"]
[Site "Foz do Iguacu BRA"]
[Date "2025.05.30"]
[Round "7.1"]
[White "Salinas Herrera, Pablo"]
[Black "Martinez Alcantara, Jose Eduardo"]
[Result "1/2-1/2"]
[WhiteTitle "GM"]
[BlackTitle "GM"]
[WhiteElo "2447"]
[BlackElo "2611"]
[WhiteFideId "3407128"]
[BlackFideId "3805662"]
[EventDate "2025.05.30"]

1. e4 c5 2. Nf3 d6 3. Bb5+ Nd7 4. a4 e6 5. O-O a6 6. Be2 b6 7. d4 cxd4 8. Qxd4
Bb7 9. Rd1 Qc7 10. Nc3 Ngf6 11. Bg5 Be7 12. Bh4 O-O 13. Bg3 e5 14. Qe3 Rfe8 15.
Nd2 Nc5 16. Bc4 Ne6 17. Ba2 Nd4 18. Rac1 Bc6 19. Bh4 Qd8 20. Bxf6 Bxf6 21. Nf3
Rc8 22. Qd3 Bg5 23. Rb1 b5 24. axb5 axb5 25. Bd5 Bd7 26. Nxd4 exd4 27. Qxd4 Bf6
28. Qd3 Bxc3 29. bxc3 Qc7 30. Rb3 g6 31. h3 Bc6 32. Bxc6 Qxc6 33. f3 Re6 34.
Rxb5 Qxc3 35. Qxc3 Rxc3 36. Rd2 Re7 37. Kf2 Rec7 38. Rb2 Kf8 39. h4 Ke7 40. g4
h6 41. Kg3 R7c6 42. Kf4 Ke6 43. Ra2 R3c5 44. Ke3 Rc3+ 45. Ke2 Ke5 46. Rd3 Rxc2+
47. Rxc2 Rxc2+ 48. Ke3 1/2-1/2

[Event "American Cont Blitz 2025"]
[Site "Foz do Iguacu BRA"]
[Date "2025.05.30"]
[Round "7.2"]
[White "Fier, Alexandr"]
[Black "Avila Pavas, Santiago"]
[Result "1-0"]
[WhiteTitle "GM"]
[BlackTitle "GM"]
[WhiteElo "2556"]
[BlackElo "2469"]
[WhiteFideId "2107139"]
[BlackFideId "4437128"]
[EventDate "2025.05.30"]

1. d4 Nf6 2. Nf3 g6 3. Bg5 Bg7 4. Nbd2 O-O 5. c3 d6 6. e4 c5 7. dxc5 dxc5 8. Bc4
Qc7 9. O-O Nc6 10. a4 h6 11. Bh4 Nh5 12. Re1 b6 13. Qc2 Kh8 14. e5 Bf5 15. Qc1
g5 16. Bxg5 hxg5 17. Nf1 f6 18. e6 Bh7 19. g3 g4 20. Nh4 Ne5 21. Ba6 Rad8 22.
Ne3 c4 23. Re2 Bh6 24. Qf1 Bd3 25. b3 Bxe3 26. fxe3 Nf3+ 27. Nxf3 gxf3 28. Qxf3
Bxe2 29. Qxe2 Qe5 30. Bxc4 Ng7 31. Rf1 Nxe6 32. Qg4 Ng7 33. Rf4 e6 34. Re4 Qg5
35. Qh3+ Kg8 36. Bxe6+ Nxe6 37. Qxe6+ Kh7 38. Rh4+ Qxh4 39. gxh4 Rd2 40. Qe7+
Kg8 41. h5 Rf7 42. Qe6 Kf8 43. h6 Rfd7 44. Qxf6+ Kg8 45. Qg6+ Kh8 46. e4 a5 47.
e5 b5 48. e6 Rd1+ 49. Kf2 1-0

[Event "American Cont Blitz 2025"]
[Site "Foz do Iguacu BRA"]
[Date "2025.05.30"]
[Round "7.3"]
[White "Lima, Darcy"]
[Black "Tristan, Leonardo"]
[Result "1-0"]
[WhiteTitle "GM"]
[BlackTitle "GM"]
[WhiteElo "2380"]
[BlackElo "2536"]
[WhiteFideId "2100045"]
[BlackFideId "113816"]
[EventDate "2025.05.30"]

1. g3 d5 2. Bg2 Nf6 3. d3 e6 4. f4 Be7 5. Nf3 b6 6. O-O Bb7 7. Nc3 c5 8. e4 dxe4
9. Nd2 O-O 10. dxe4 Qc8 11. e5 Bxg2 12. exf6 Bxf1 13. fxe7 Re8 14. Qxf1 Rxe7 15.
Nc4 Nc6 16. Ne4 Nd4 17. c3 Qc6 18. Qd3 Nf5 19. g4 Qd5 20. Qe2 Nh4 21. Bd2 f5 22.
Ng5 h6 23. Nh3 Nf3+ 24. Kf2 fxg4 25. Ng1 Nxh2 26. Ne5 Rd8 27. Rd1 Qxa2 28. Be3
Rxd1 29. Qxd1 Qxb2+ 30. Ne2 Re8 31. Qd7 Rf8 32. Qxe6+ Kh8 33. Ng6+ 1-0

[Event "American Cont Blitz 2025"]
[Site "Foz do Iguacu BRA"]
[Date "2025.05.30"]
[Round "7.4"]
[White "Campos Gomez, Manuel"]
[Black "Quesada Perez, Luis Ernesto"]
[Result "0-1"]
[WhiteTitle "IM"]
[BlackTitle "GM"]
[WhiteElo "2355"]
[BlackElo "2546"]
[WhiteFideId "4444710"]
[BlackFideId "3520773"]
[EventDate "2025.05.30"]

1. Nf3 d5 2. g3 Nc6 3. d4 Bf5 4. Bg2 Nb4 5. Na3 e6 6. O-O Be7 7. c3 Nc6 8. b4
Nf6 9. Nc2 Ne4 10. Bb2 O-O 11. Ne3 Bg6 12. Ne1 Nd6 13. a4 a6 14. Nd3 h6 15. Qb3
Bg5 16. f4 Be7 17. Ne5 Be4 18. c4 Bxg2 19. Kxg2 dxc4 20. Qc3 Ne4 21. Qc2 Nf6 22.
Nxc6 bxc6 23. Qxc4 Nd5 24. Nc2 Qd7 25. e4 Nf6 26. Rfe1 Rfb8 27. Bc3 h5 28. h3
Ne8 29. Rab1 Rb6 30. Qd3 Rab8 31. a5 R6b7 32. Qxa6 f5 33. Qd3 Nf6 34. exf5 exf5
35. Re5 Nd5 36. Bd2 g6 37. Qc4 Bf6 38. a6 Ra7 39. b5 Rb6 40. bxc6 Qxc6 41. Qxd5+
Qxd5+ 42. Rxd5 Rxb1 43. Rc5 Rb2 44. Kf3 Rxa6 45. Bc1 Rb3+ 46. Be3 c6 47. g4 Be7
48. Re5 hxg4+ 49. hxg4 fxg4+ 50. Kxg4 Kf7 51. f5 gxf5+ 52. Rxf5+ Ke6 53. Re5+
Kd7 54. Bf4 Ra4 55. Rh5 Rc3 56. Ne3 Rxd4 57. Nf5 Re4 58. Rh7 Rcc4 59. Kg3 Rxf4
60. Nxe7 Kd6 61. Nc8+ Kc5 62. Rh5+ Kb4 63. Nd6 Rcd4 64. Nf5 Rg4+ 65. Kf3 Rdf4+
66. Ke3 Rc4 67. Nd6 Rc3+ 68. Kf2 Rd4 69. Nb7 Rd2+ 70. Ke1 Rg2 71. Kd1 c5 72.
Rh4+ c4 0-1